000 004790000a22001930004500
001 003849
003 MACL
005 20150912155021.0
008 150912b xxu||||| |||| 00| 0 eng d
040 _aMACL
_cMACL
041 _aEnglish
082 _a823.03/ETT
100 _aEtteth, Ravi Shankar
_910476
245 _aThe Tiger by the River
_cRavi Shankar Etteth
260 _aNoida
_c2002
_bPenguin Books,
350 _a250
650 _aFiction
_910477
942 _k823
_cBK
_2ddc
999 _c15742
_d15742